| 000 | 00939nam a22003377a 4500 | ||
|---|---|---|---|
| 005 | 20200910145245.0 | ||
| 008 | 200910b xxu||||| |||| 00| 0 spa d | ||
| 020 | _a9788428339308 | ||
| 041 | _aspa | ||
| 082 | _a621.381 R696e | ||
| 100 |
_aRodríguez Fernández, Julián _950652 |
||
| 245 | _aEquipos eléctricos y electrónicos | ||
| 250 | _a2 edicicón | ||
| 260 | _aEspaña | ||
| 260 | _bParaninfo | ||
| 260 | _c2018 | ||
| 300 | _a250 páginas | ||
| 650 |
_aELECTRÓNICA _91815 |
||
| 650 |
_aELECTRICIDAD _91462 |
||
| 650 |
_aEQUIPOS ELÉCTRICOS _958609 |
||
| 650 |
_aEQUIPOS ELECTRÓNICOS _958610 |
||
| 650 |
_aCONDUCTORES ELÉCTRICOS _917894 |
||
| 650 |
_aCONECTORES _958611 |
||
| 650 |
_aTÉCNICAS DE MONTAJE _950431 |
||
| 650 |
_aESQUEMAS _9283 |
||
| 650 |
_aPROTECCIÓN DE EQUIPOS _958612 |
||
| 650 |
_aMANTENIMIENTO _9757 |
||
| 650 |
_aSEGURIDAD _9395 |
||
| 650 |
_aGESTIÓN DE RESIDUOS _958613 |
||
| 942 | _cBK | ||
| 999 |
_c12744 _d12744 |
||